La princesa federal /

Guardado en:
Autor Principal: Lojo, Maria Rosa
Formato: Libro
Publicado: Buenos Aires : Planeta, 1998
Materias:
Etiquetas: Agregar Etiqueta
Sin Etiquetas, Sea el primero en etiquetar este registro!
LEADER 00592nam a22002175a 4500
001 CEM.cems016977
005 20111006113651.0
008 130507s1998##################000#0#####d
003 CEMS
020 |a 950742914X 
082 0 4 |a A863.4 
100 1 |a Lojo, Maria Rosa 
245 1 0 |a La princesa federal /  |c Maria Rosa Lojo 
260 |a Buenos Aires :  |b Planeta,  |c 1998 
300 |a 229 p. 
653 |a Literatura 
653 |a Literatura argentina 
653 |a Novelas 
653 |a Novela argentina 
653 |a Novela histórica 
859 |a CEMS  |b BIB. CEMS - Agricultura  |h A863.4  |i L827  |p A19666.98  |t Ej.1